| 000 | 00591nam a2200193Ia 4500 | ||
|---|---|---|---|
| 003 | GCL | ||
| 008 | 140319s9999 xx 000 0 ara d | ||
| 040 |
_aGCL / _cGCL |
||
| 082 | 0 | 4 |
_a953.595 _bم م |
| 100 | 1 | _aمحمد عبدالقادر احمد عطا | |
| 245 | 1 | 0 |
_aالمسلمون فى الفلبين / _cمحمد عبدالقادر احمد عطا |
| 260 |
_a[S.N] : _bمطابع الناشر العربى ، _c1980 |
||
| 300 | _a256 ص | ||
| 490 | _a | ||
| 650 | 0 | 4 | _aالتاريخ الاسلامى |
| 650 | 0 | 4 | _aالتاريخ |
| 650 | 0 | 4 | _aالفلبين |
| 942 |
_2ddc _cBK |
||
| 999 |
_c29304 _d29304 |
||